000 00765nam a2200265Ia 4500
003 OSt
005 20220925204836.0
006 a|||||r|||| 00| 0
007 ta
008 220923b |||||||| |||| 00| 0 eng d
020 _a9024729785
037 _cGeneral Book
040 _aRTL
_cRTL
_beng
041 _2eng
_aeng
082 _aX:533.5,h, M4
100 _aPelkmans Jacques
_9269112
245 0 _aMarket integration in the European community
260 _aHague
_bMartins Nijhoff
_c1984
300 _axv, 322p. Bib p 297-318
_ccm.
490 _aStudies in industrial organization. 5
650 _a Tree Trade
_9231001
650 _aEconomics
942 _hX:533.5,h, M4
_cGB
_2CC
999 _c550563
_d550563